Maldades que son justicias (Record no. 165157)

MARC details
000 -LEADER
campo de control de longitud fija 00707nam a22001695i 4500
001 - NÚMERO DE CONTROL
campo de control 165157
003 - IDENTIFICADOR DE NÚMERO DE CONTROL
campo de control ES-MaACL
005 - FECHA Y HORA DE LA ÚLTIMA TRANSACCIÓN
campo de control 20251014063240.0
008 - DATOS DE LONGITUD FIJA--INFORMACIÓN GENERAL
campo de control de longitud fija 990623s1878 sp |||| | spa d
040 ## - FUENTE DE CATALOGACIÓN
Centro catalogador/agencia de origen CCPB | B
Lengua de catalogación spa
Centro/agencia transcriptor CCPB | B
100 1# - ENTRADA PRINCIPAL--NOMBRE DE PERSONA
Nombre de persona Sellés, Eugenio,
Fechas asociadas al nombre 1842-1926
9 (RLIN) 145933
245 10 - MENCIÓN DEL TÍTULO
Título Maldades que son justicias
Resto del título : drama histórico en tres actos y en verso /
Mención de responsabilidad, etc. por Eugenio Sellés.
260 ## - PUBLICACIÓN, DISTRIBUCIÓN, ETC.
Lugar de publicación, distribución, etc. Madrid :
Nombre del editor, distribuidor, etc. Administración lírico-dramática,
Fecha de publicación, distribución, etc. 1878 (
Fabricante Imprenta, calle de la Estrella)
300 ## - DESCRIPCIÓN FÍSICA
Extensión 99 p. ;
Dimensiones 19 cm.
852 ## - LOCALIZACIÓN
Ubicación ES-MaACL
Número de control de estantería T-399-F-19
Nota libre -- Enc. hol.
-- -- Enc. en un vol. facticio
Encuadernación -- Edic.: En el pie de imp. de la port. no consta en ed.
Holdings
Estatus retirado Estado de pérdida Estado de daño No para préstamo Colección Biblioteca de origen Biblioteca actual Ubicación en estantería Fecha de adquisición Total de préstamos Signatura topográfica completa Código de barras Visto por última vez Precio de reemplazo Tipo de ítem Koha
        Colección de folletos Biblioteca del Ateneo de Madrid Biblioteca del Ateneo de Madrid Depósito folletos 17/01/2008   T-399-F-19 1173173 23/02/2023 23/02/2023 Folleto